02157cam a22004214a 450000100090000000300040000900500170001300800410003001000170007102000180008804000180010604200080012405000250013208200170015710000300017424501440020424600420034825000070039026000410039730000370043849000690047550400640054465000480060865000360065665000240069265000280071670000220074470000240076683000660079094200400085695201370089695201370103395201370117095201370130795201370144495201370158199900170171812840417OSt20250610104445.0020702s2003 maua b 001 0 eng  a 2002026413 a9789355321787 aDLCcDLCdDLC apcc00aHF5415.7b.S425 200300a658.5bSIM/D aSimchi-Levi, David 9131210aDesigning and managing the supply chain :bconcepts, strategies, and case studies /cDavid Simchi-Levi, Philip Kaminsky, Edith Simchi-Levi.14aDesigning & managing the supply chain a4e aBoston :bMcGraw-Hill/Irwin,cc2022. axxvi, 520 p. :bill. ;c27 cm. +1 aThe McGraw-Hill/Irwin series in operations and decision sciences aIncludes bibliographical references (p. 343-347) and index. 0aPhysical distribution of goodsxManagement. 0aMarketing channelsxManagement. 0aBusiness logistics. 0aIndustrial procurement.1 aKaminsky, Philip.1 aSimchi-Levi, Edith. 0aIrwin/McGraw-Hill series in operations and decision sciences. 2ddccBKh658.5iSIM/Dk658.5mSIM/D 00102ddc40708MANAGEMENTaMESbMEScMANAGEMENTd2025-06-10l0o658.5 SIM/Dp45840r2025-06-10 10:44:37t1w2025-06-10yBKzGL53R1 00102ddc40708MANAGEMENTaMESbMEScMANAGEMENTd2025-06-10l0o658.5 SIM/Dp45841r2025-06-10 10:44:37t2w2025-06-10yBKzGL53R1 00102ddc40708MANAGEMENTaMESbMEScMANAGEMENTd2025-06-10l0o658.5 SIM/Dp45842r2025-06-10 10:44:37t3w2025-06-10yBKzGL53R1 00102ddc40708MANAGEMENTaMESbMEScMANAGEMENTd2025-06-10l0o658.5 SIM/Dp45843r2025-06-10 10:44:37t4w2025-06-10yBKzGL53R1 00102ddc40708MANAGEMENTaMESbMEScMANAGEMENTd2025-06-10l0o658.5 SIM/Dp45844r2025-06-10 10:44:37t5w2025-06-10yBKzGL53R1 00102ddc40708MANAGEMENTaMESbMEScMANAGEMENTd2025-06-10l0o658.5 SIM/Dp45845r2025-06-10 10:44:37t6w2025-06-10yBKzGL53R1 c44499d44499